Effects of the European Economic and Monetary Union (EMU) on taxation and Interest Spending of National Governments

Salvato in:
Dettagli Bibliografici
Autore principale: Mongelli, Francesco P.
Natura: Libro
Lingua:inglese
Pubblicazione: Washington International Monetary Fund 1997
Serie:IMF working paper WP/97/93
Soggetti:
Tags: Aggiungi Tag
Nessun Tag, puoi essere il primo ad aggiungerne!!

MARC

LEADER 00000nam a2200000 4500
001 c100124
005 20221124073311.9
041 0 |a eng 
044 |a US 
245 1 0 |a Effects of the European Economic and Monetary Union (EMU) on taxation and Interest Spending of National Governments  |c Francesco P. Mongelli 
264 1 |a Washington  |b International Monetary Fund  |c 1997 
300 |a 36 s. 
490 1 |a IMF working paper  |v WP/97/93 
830 0 |a IMF working paper  |v WP/97/93 
610 2 0 |a Európska menová únia 
610 2 0 |a Európska únia 
610 2 0 |a politika daňová 
610 2 0 |a politika hospodárska 
100 1 |a Mongelli, Francesco P.